Paušálna daň Áno či Nie?

Vymedzenie podmienok, ktoré musí podnikateľ splniť, ak má záujem o uplatnenie paušálnej dane. Podmienky vzťahujúce sa na daňovníkov, ktorí podnikali v predchádzajúcom kalendárnom období. Určenie paušálnej dane u daňovníkov, ktorí začnú podnikať v r. 2000. Úľavy na dani.Sankcie pri porušení podmienok...

Descrizione completa

Salvato in:
Dettagli Bibliografici
Autore principale: Salanciová, Darina
Natura: Capitolo di libro
Lingua:slovacco
Soggetti:
Tags: Aggiungi Tag
Nessun Tag, puoi essere il primo ad aggiungerne!!

MARC

LEADER 00000naa a2200000 4500
001 r037601
005 20230919090544.2
041 0 |a slo 
044 |a SK 
245 1 0 |a Paušálna daň Áno či Nie?  |c Darina Salanciová 
520 |a Vymedzenie podmienok, ktoré musí podnikateľ splniť, ak má záujem o uplatnenie paušálnej dane. Podmienky vzťahujúce sa na daňovníkov, ktorí podnikali v predchádzajúcom kalendárnom období. Určenie paušálnej dane u daňovníkov, ktorí začnú podnikať v r. 2000. Úľavy na dani.Sankcie pri porušení podmienok čerpania úľavy na paušálnej dani. 
610 2 0 |a dane paušálne 
610 2 0 |a daňovníci 
610 2 0 |a príjmy 
610 2 0 |a zdaňovanie 
610 2 0 |a úľavy daňové 
610 2 0 |a podnikatelia 
610 2 0 |a 2000 
100 1 |a Salanciová, Darina